000 00432nam a22000977a 4500
100 _aकवीन्‍द्र,रागिनी
_979721
245 _aबाल विकास एवं शिक्षणशास्‍त्र NCERT की पाठ्य पुस्‍तकों पर पूर्णतया आधरित
260 _aChennai
_bMc Graw Hill
_c2020
650 _aशिक्षा
_979722
942 _cHIN
999 _c63338
_d63338